000 00386nam a22001697a 4500
003 OSt
008 250402b |||||||| |||| 00| 0 eng d
020 _a9789353505905
082 _a616.851 EGS
100 _aEGAN,Gerard
245 _aThe Skilled helper
250 _a11th Ed
260 _aNew Delhi
_bCengage
_c2024
300 _a432
700 _aREESE,Robert J
942 _2ddc
_cREF
999 _c13214
_d13214